| 000 | 00584nam a2200229Ia 4500 | ||
|---|---|---|---|
| 003 | OSt | ||
| 005 | 20230324145634.0 | ||
| 008 | 210423s2007 xx 000 0 und d | ||
| 020 | _a9780199296378 | ||
| 040 | _cAL | ||
| 041 | _aeng | ||
| 082 |
_a330 _223 _bGILA |
||
| 100 |
_aGILLESPIE ( Andrew N) _952827 |
||
| 245 | _aFoundations of economics | ||
| 260 |
_aNew Delhi _bOxford University Press _c2007 |
||
| 300 |
_axxxiv,481 _bPB |
||
| 365 |
_b1295 _cINR |
||
| 650 |
_aEconomics _952828 |
||
| 650 |
_aEconomics _952828 |
||
| 906 | _aeconomics ; Foundations | ||
| 942 |
_2ddc _cBK |
||
| 999 |
_c155829 _d155829 |
||